| 000 | 02174fam a2200349 a 4500 | ||
|---|---|---|---|
| 001 | 1855661 | ||
| 005 | 20220326193303.0 | ||
| 008 | 950530s1996 dcua b 001 0 eng | ||
| 010 | _a 95021186 | ||
| 020 | _a1560986441 (alk. paper) | ||
| 020 | _a1560986158 (pbk. : alk. paper) | ||
| 035 | _a(OCoLC)32665068 | ||
| 035 | _a(OCoLC)ocm32665068 | ||
| 035 | _a(NNC)1855661 | ||
| 040 |
_aDLC _cDLC _dDLC _dNNC _dOrLoB-B |
||
| 043 |
_acl----- _af-dm--- _af-nr--- |
||
| 082 | 0 | 0 |
_a701.04 _bL748s |
| 100 |
_aArturo Lindsay (editor) _91576 |
||
| 245 | 0 | 0 |
_aSanterĂa aesthetics in contemporary Latin American art / _cedited by Arturo Lindsay. |
| 260 |
_aWashington : _bSmithsonian Institution Press, _cc1996. |
||
| 263 | _a9606 | ||
| 300 |
_a306 p. : _bill. ; _c26 cm. |
||
| 504 | _aIncludes bibliographical references and index. | ||
| 505 | 0 | 0 |
_tForeword / _rJohnnetta B. Cole -- _tPreface / _rArturo Lindsay -- _g1. _tFrom Africa to the Americas: Art in Yoruba Religion / _rBabatunde Lawal -- _g2. _tFrom Ulkumi to Lucumi: A Historical Overview of Religious Acculturation in Cuba / _rIsabel Castellanos -- _g3. _tAfro-Cuban Orisha Worship / _rMiguel "Willie" Ramos -- _g4. _tToward an Ethnoaesthetics of Santeria Ritual Arts: The Practice of Altar Making and Gift Exchange / _rDavid H. Brown -- _g5. _tRereading Lam / _rJulia P. Herzberg -- _g6. _tJuan Boza: Travails of an Artist-Priest, 1941-1991 / _rRicardo Viera and Randall Morris / _rEdited by Randall Morris and Julie Edwards -- _g7. _tAshe in the Art of Ana Mendieta / _rMary Jane Jacob -- _g8. _tOrishas: Living Gods in Contemporary Latino Art / _rArturo Lindsay -- _g9. _tEleggua at the (Post?)Modern Crossroads: The Presence of Africa in the Visual Art of Cuba / _rGerardo Mosquera -- _g10. _tOggun: Proposals Starting from a Video / _rGloria Rolando -- |
| 505 | 8 | 0 |
_g11. _tSignifyin' Saints: Sign, Substance, and Subversion in Afro-Brazilian Art / _rHenry John Drewal. |
| 650 | 0 |
_aArt and religion _zLatin America. _91577 |
|
| 650 | 0 |
_aSanteria in art. _91578 |
|
| 650 | 0 |
_aYoruba (African people) _xReligion _xInfluence. _91579 |
|
| 650 | 0 |
_aArt, Latin American _y20th century. _91416 |
|
| 700 | 1 |
_aLindsay, Arturo. _91580 |
|
| 900 | _bTOC | ||
| 999 |
_c334 _d334 |
||